Central Library OPAC University of Rajshahi

বঙ্কিমচন্দ্র রবীন্দ্রনাথ ও নানা প্রসঙ্গ / (Record no. 39940)

MARC details
000 -LEADER
fixed length control field 00943nam a2200229 a 4500
001 - CONTROL NUMBER
control field 39940
003 - CONTROL NUMBER IDENTIFIER
rucl marc code BD-RjUL
005 - DATE AND TIME OF LATEST TRANSACTION
control field 20211209053110.0
008 - FIXED-LENGTH DATA ELEMENTS--GENERAL INFORMATION
fixed length control field 160420s1990 bg ||||e |||| 00| 0 ben d
020 ## - INTERNATIONAL STANDARD BOOK NUMBER
International Standard Book Number 8185471002
Terms of availability : TK.40.00
035 ## - SYSTEM CONTROL NUMBER
System control number (BD-RjUL) 40054
040 ## - CATALOGING SOURCE
Original cataloging agency BD-RjUL
Language of cataloging ben
Transcribing agency BD-RjUL
041 ## - LANGUAGE CODE
Language code of text/sound track or separate title ben
082 ## - DEWEY DECIMAL CLASSIFICATION NUMBER
Edition number 23
Classification number 891.44309
Author mark and year BAB 1990
100 ## - MAIN ENTRY--PERSONAL NAME
Personal name বসু, শঙ্করীপ্রসাদ
9 (RLIN) 123027
245 10 - TITLE STATEMENT
Title বঙ্কিমচন্দ্র রবীন্দ্রনাথ ও নানা প্রসঙ্গ /
Statement of responsibility, etc. শঙ্করীপ্রসাদ বসু
260 ## - PUBLICATION, DISTRIBUTION, ETC. (IMPRINT)
Place of publication, distribution, etc. কলকাতা :
Name of publisher, distributor, etc. পুস্তক বিপণি,
Date of publication, distribution, etc. ১৯৯০
300 ## - PHYSICAL DESCRIPTION
Pagination [৮], ১৯২ পৃ. ;
Size ২২ সেমি.
650 ## - SUBJECT ADDED ENTRY--TOPICAL TERM
Topical term or geographic name as entry element বাংলা উপন্যাস
General subdivision ইতিহাস ও সমালোচনা
9 (RLIN) 120092
Topical term or geographic name as entry element Bengali Fiction
General subdivision History and Criticism
9 (RLIN) 118845
942 ## - ADDED ENTRY ELEMENTS (KOHA)
Source of classification or shelving scheme Dewey Decimal Classification
Koha item type Books
Holdings
Lost status Source of classification or shelving scheme Damaged status Not for loan Collection code Permanent Location Current Location Shelving location Date acquired Source of acquisition Cost, normal purchase price Total Checkouts Full call number Date last seen Copy number Koha item type
  Dewey Decimal Classification     Non-fiction Central Library, University of Rajshahi Central Library, University of Rajshahi   24/05/2007 Dhaka Paragon Enterprise Lit., Dhaka 40.00   B 891.44309 BAB 1990 20/04/2016 C-2 Books
  Dewey Decimal Classification     Non-fiction Central Library, University of Rajshahi Central Library, University of Rajshahi   28/02/2008 Dhaka Paragon Enterprise Lit., Dhaka 40.00   B 891.44309 BAB 1990 26/04/2016 C-3 Books
  Dewey Decimal Classification     Fiction Central Library, University of Rajshahi Central Library, University of Rajshahi   28/02/2008 Dhaka Paragon Enterprise Lit., Dhaka 40.00   B 891.44309 BAB 1990 11/08/2016 C-4 Books
  Dewey Decimal Classification     Fiction Central Library, University of Rajshahi Central Library, University of Rajshahi   28/02/2008 Dhaka Paragon Enterprise Lit., Dhaka 40.00   B 891.44309 BAB 1990 11/08/2016 C-5 Books
  Dewey Decimal Classification     Fiction Central Library, University of Rajshahi Central Library, University of Rajshahi   28/02/2008 Dhaka Paragon Enterprise Lit., Dhaka 40.00   B 891.44309 BAB 1990 11/08/2016 C-6 Books
  Dewey Decimal Classification     Fiction Central Library, University of Rajshahi Central Library, University of Rajshahi   28/02/2008 Dhaka Paragon Enterprise Lit., Dhaka 40.00   B 891.44309 BAB 1990 11/08/2016 C-7 Books
  Dewey Decimal Classification     Fiction Central Library, University of Rajshahi Central Library, University of Rajshahi   28/02/2008 Dhaka Paragon Enterprise Lit., Dhaka 40.00   B 891.44309 BAB 1990 11/08/2016 C-8 Books
  Dewey Decimal Classification     Fiction Central Library, University of Rajshahi Central Library, University of Rajshahi   27/02/2001 Paragon Enterprises Dhaka 80.00   B 891.44309 BAB 1990 01/11/2016 C-9 Books
  Dewey Decimal Classification   Not For Loan Fiction Central Library, University of Rajshahi Central Library, University of Rajshahi Reading Room 24/12/1996 Angkur Prokashan, Dhaka 40.00   B 891.44309 BAB 1990 14/02/2017 C-1 Books